[Event "Deutsche Ländermeisterschaft 2021"]
[Site "Neumünster GER"]
[Date "2021.10.04"]
[Round "4"]
[White "Guo, Philipp Ziming"]
[Black "Nguyen, Ha Thanh"]
[Result "1-0"]
[Termination "normal"]
[Board "6.4"]
[WhiteElo "1760"]
[BlackElo "2001"]
[WhiteClock "00:28:54"]
[BlackClock "00:03:54"]
[WhiteTeam "Schleswig-Holstein"]
[BlackTeam "Thüringen"]
[PlyCount "163"]
[WhiteFideId "16245199"]
[BlackFideId "12942154"]
[EventCountry "GER"]
[EventRounds "7"]
[EventType "team-swiss"]
[EventDate "2021.10.01"]

1. e4 {[%clk 1:30:56]} c5 {[%clk 1:30:56]} 2. Nf3 {[%clk 1:31:14]} Nc6 {[%clk
1:31:20]} 3. d4 {[%clk 1:31:37]} cxd4 {[%clk 1:31:44]} 4. Nxd4 {[%clk 1:31:57]}
g6 {[%clk 1:32:06]} 5. c4 {[%clk 1:32:11]} Bg7 {[%clk 1:32:30]} 6. Be3 {[%clk
1:32:30]} Nf6 {[%clk 1:32:51]} 7. Nc3 {[%clk 1:32:51]} O-O {[%clk 1:33:02]} 8.
Be2 {[%clk 1:33:10]} d6 {[%clk 1:33:12]} 9. O-O {[%clk 1:33:15]} Bd7 {[%clk
1:33:12]} 10. f3 {[%clk 1:33:24]} Nxd4 {[%clk 1:33:15]} 11. Bxd4 {[%clk
1:33:43]} a5 {[%clk 1:33:10]} 12. a3 {[%clk 1:33:25]} a4 {[%clk 1:31:35]} 13.
c5 {[%clk 1:33:08]} Qa5 {[%clk 1:13:51]} 14. cxd6 {[%clk 1:32:22]} exd6 {[%clk
1:12:00]} 15. Qd2 {[%clk 1:31:56]} Bc6 {[%clk 1:08:21]} 16. Rad1 {[%clk
1:24:43]} Rfd8 {[%clk 1:00:15]} 17. Qe3 {[%clk 1:21:00]} Re8 {[%clk 0:56:34]}
18. Qf2 {[%clk 1:08:16]} Qc7 19. Rc1 {[%clk 0:55:12]} Qe7 {[%clk 0:41:16]} 20.
Rfd1 {[%clk 0:54:04]} Bh6 {[%clk 0:37:30]} 21. Rc2 {[%clk 0:51:54]} Nd7 {[%clk
0:32:53]} 22. Be3 {[%clk 0:49:25]} Bxe3 {[%clk 0:29:06]} 23. Qxe3 {[%clk
0:49:50]} Red8 {[%clk 0:29:22]} 24. Rcd2 {[%clk 0:47:14]} Nc5 {[%clk 0:29:01]}
25. Qf4 {[%clk 0:42:07]} Ne6 {[%clk 0:20:42]} 26. Qg3 {[%clk 0:41:27]} Qc7
{[%clk 0:20:26]} 27. Kf1 {[%clk 0:37:20]} Ra5 {[%clk 0:12:28]} 28. Rxd6 {[%clk
0:32:34]} Rxd6 {[%clk 0:10:42]} 29. Qxd6 {[%clk 0:32:56]} Qxd6 {[%clk 0:10:41]}
30. Rxd6 {[%clk 0:33:11]} Rc5 {[%clk 0:09:06]} 31. Rd2 {[%clk 0:31:08]} Kg7
{[%clk 0:07:48]} 32. g3 {[%clk 0:29:32]} h5 {[%clk 0:06:41]} 33. Kf2 {[%clk
0:27:53]} Ra5 {[%clk 0:03:26]} 34. Bc4 {[%clk 0:24:52]} Nc7 {[%clk 0:02:29]}
35. Ke3 {[%clk 0:19:53]} h4 {[%clk 0:02:00]} 36. f4 {[%clk 0:19:15]} hxg3
{[%clk 0:02:08]} 37. hxg3 {[%clk 0:19:39]} Rh5 {[%clk 0:02:21]} 38. Bd5 {[%clk
0:16:08]} Nxd5+ {[%clk 0:02:07]} 39. exd5 {[%clk 0:15:59]} Bd7 {[%clk 0:02:24]}
40. Rd4 {[%clk 0:15:16]} b5 {[%clk 0:01:05]} 41. Ne4 {[%clk 0:10:18]} Rh1
{[%clk 0:29:57]} 42. Nc5 {[%clk 0:39:19]} Bg4 {[%clk 0:28:09]} 43. d6 {[%clk
0:38:13]} Re1+ {[%clk 0:27:42]} 44. Kd3 {[%clk 0:33:41]} Kf8 {[%clk 0:23:19]}
45. Kc3 {[%clk 0:33:08]} Ke8 {[%clk 0:18:07]} 46. d7+ {[%clk 0:32:22]} Bxd7
{[%clk 0:18:18]} 47. Nxd7 {[%clk 0:32:44]} Re3+ {[%clk 0:18:27]} 48. Kc2 {[%clk
0:33:00]} Rxg3 {[%clk 0:18:35]} 49. Ne5 {[%clk 0:32:34]} g5 {[%clk 0:15:41]}
50. fxg5 {[%clk 0:32:06]} Rxg5 {[%clk 0:16:00]} 51. Re4 {[%clk 0:30:21]} Rg2+
{[%clk 0:11:04]} 52. Kc3 {[%clk 0:30:40]} Rg3+ {[%clk 0:09:00]} 53. Nd3+ {[%clk
0:30:44]} Kd7 {[%clk 0:08:56]} 54. Re5 {[%clk 0:29:51]} Kc6 {[%clk 0:06:55]}
55. Rf5 {[%clk 0:30:06]} Rg7 {[%clk 0:06:47]} 56. Rxf7 {[%clk 0:30:16]} Rg3
{[%clk 0:06:40]} 57. Rf4 {[%clk 0:29:29]} Kd5 {[%clk 0:06:19]} 58. Rd4+ {[%clk
0:29:32]} Kc6 {[%clk 0:06:29]} 59. Kb4 {[%clk 0:28:52]} Re3 {[%clk 0:06:19]}
60. b3 {[%clk 0:27:57]} axb3 {[%clk 0:06:32]} 61. Kxb3 {[%clk 0:28:20]} Rg3
{[%clk 0:06:03]} 62. Kb4 {[%clk 0:28:19]} Rg1 {[%clk 0:06:04]} 63. Ne5+ {[%clk
0:28:06]} Kb6 {[%clk 0:06:12]} 64. Rd6+ {[%clk 0:28:18]} Kc7 {[%clk 0:06:14]}
65. Rc6+ {[%clk 0:28:37]} Kb7 {[%clk 0:06:16]} 66. Kxb5 {[%clk 0:28:51]} Rb1+
{[%clk 0:06:13]} 67. Ka5 {[%clk 0:28:55]} Rb3 {[%clk 0:06:00]} 68. a4 {[%clk
0:29:11]} Re3 {[%clk 0:05:42]} 69. Rb6+ {[%clk 0:29:10]} Kc7 {[%clk 0:05:58]}
70. Rb5 {[%clk 0:29:16]} Re4 {[%clk 0:06:02]} 71. Nd3 {[%clk 0:29:23]} Rd4
{[%clk 0:05:52]} 72. Nc5 {[%clk 0:29:36]} Kc6 {[%clk 0:04:55]} 73. Na6 {[%clk
0:29:27]} Rh4 {[%clk 0:04:31]} 74. Nb4+ {[%clk 0:28:49]} Kc7 {[%clk 0:04:42]}
75. Ka6 {[%clk 0:28:58]} Rc4 {[%clk 0:03:59]} 76. a5 {[%clk 0:28:39]} Rh4
{[%clk 0:04:04]} 77. Ka7 {[%clk 0:28:29]} Rh8 {[%clk 0:04:02]} 78. Rb7+ {[%clk
0:28:29]} Kd6 {[%clk 0:04:11]} 79. a6 {[%clk 0:28:54]} Rc8 {[%clk 0:03:59]} 80.
Rb6+ {[%clk 0:28:59]} Kd7 {[%clk 0:04:06]} 81. Nd5 {[%clk 0:28:50]} Rc5 {[%clk
0:03:54]} 82. Kb7 {[%clk 0:28:54]} 1-0

[Event "Deutsche Ländermeisterschaft 2021"]
[Site "Neumünster GER"]
[Date "2021.10.04"]
[Round "4"]
[White "Bock, Marlon"]
[Black "Falke, Ornella"]
[Result "1-0"]
[Termination "normal"]
[Board "6.5"]
[WhiteElo "1727"]
[BlackElo "1655"]
[WhiteClock "00:03:26"]
[BlackClock "00:11:54"]
[WhiteTeam "Thüringen"]
[BlackTeam "Schleswig-Holstein"]
[PlyCount "129"]
[WhiteFideId "16244931"]
[BlackFideId "16207092"]
[EventCountry "GER"]
[EventRounds "7"]
[EventType "team-swiss"]
[EventDate "2021.10.01"]

1. d4 {[%clk 1:30:57]} Nf6 {[%clk 1:30:49]} 2. Nf3 {[%clk 1:31:10]} g6 {[%clk
1:30:47]} 3. Nc3 {[%clk 1:30:49]} d5 {[%clk 1:29:50]} 4. Bf4 {[%clk 1:29:06]}
Bg7 {[%clk 1:29:44]} 5. Qd2 {[%clk 1:27:46]} O-O {[%clk 1:30:00]} 6. Bh6 {[%clk
1:24:36]} Ne4 {[%clk 1:29:53]} 7. Nxe4 {[%clk 1:18:25]} dxe4 {[%clk 1:30:18]}
8. Bxg7 {[%clk 1:18:29]} Kxg7 {[%clk 1:30:42]} 9. Ng5 {[%clk 1:10:00]} f5
{[%clk 1:30:33]} 10. O-O-O {[%clk 1:07:08]} e5 {[%clk 1:24:56]} 11. d5 {[%clk
0:58:25]} Qd6 {[%clk 1:13:14]} 12. f3 {[%clk 0:52:04]} h6 {[%clk 1:12:19]} 13.
Nh3 {[%clk 0:51:45]} exf3 {[%clk 1:11:00]} 14. gxf3 {[%clk 0:49:52]} c6 {[%clk
1:09:55]} 15. e3 {[%clk 0:36:11]} Qxd5 {[%clk 0:48:23]} 16. Qxd5 {[%clk
0:30:21]} cxd5 {[%clk 0:48:49]} 17. Rxd5 {[%clk 0:30:45]} Nc6 {[%clk 0:48:04]}
18. Nf2 {[%clk 0:29:33]} Be6 {[%clk 0:47:20]} 19. Rd6 {[%clk 0:28:40]} Kf7
{[%clk 0:47:12]} 20. Bb5 {[%clk 0:26:48]} Rfd8 {[%clk 0:46:45]} 21. Rhd1 {[%clk
0:24:00]} Rxd6 {[%clk 0:46:54]} 22. Rxd6 {[%clk 0:24:16]} Ke7 {[%clk 0:47:20]}
23. Rd2 {[%clk 0:23:15]} Nb4 {[%clk 0:42:28]} 24. a3 {[%clk 0:19:54]} Nd5
{[%clk 0:36:36]} 25. e4 {[%clk 0:17:59]} Nf4 {[%clk 0:35:19]} 26. Nd3 {[%clk
0:15:37]} Nxd3+ {[%clk 0:34:59]} 27. Rxd3 {[%clk 0:15:50]} Rf8 {[%clk 0:28:53]}
28. Rc3 {[%clk 0:11:42]} Kd6 {[%clk 0:27:46]} 29. Rd3+ {[%clk 0:10:43]} Kc5
{[%clk 0:28:00]} 30. Ba4 {[%clk 0:10:31]} fxe4 {[%clk 0:24:12]} 31. fxe4 Rf1+
{[%clk 0:21:13]} 32. Kd2 {[%clk 0:06:49]} Rf2+ {[%clk 0:20:25]} 33. Ke3 {[%clk
0:05:25]} Rxh2 {[%clk 0:19:48]} 34. b4+ {[%clk 0:05:46]} Kc4 {[%clk 0:15:56]}
35. Bb3+ {[%clk 0:05:59]} Kb5 {[%clk 0:16:17]} 36. Bxe6 {[%clk 0:06:22]} Rxc2
{[%clk 0:16:30]} 37. Bf7 {[%clk 0:06:00]} g5 {[%clk 0:16:23]} 38. Kf3 {[%clk
0:05:39]} Rc7 {[%clk 0:16:12]} 39. Be6 {[%clk 0:04:23]} Re7 {[%clk 0:14:58]}
40. Bd5 {[%clk 0:03:45]} h5 {[%clk 0:14:55]} 41. Kg3 {[%clk 0:02:00]} Ka4
{[%clk 0:12:10]} 42. Rc3 {[%clk 0:30:07]} a6 {[%clk 0:38:40]} 43. Kf2 {[%clk
0:28:12]} Rg7 {[%clk 0:34:32]} 44. Kg3 {[%clk 0:18:26]} Re7 {[%clk 0:34:23]}
45. Bc4 {[%clk 0:17:56]} Rd7 {[%clk 0:30:43]} 46. Bd3 {[%clk 0:08:09]} Rh7
{[%clk 0:21:51]} 47. Bc2+ {[%clk 0:07:14]} Kb5 {[%clk 0:20:53]} 48. Rc5+ {[%clk
0:07:33]} Kb6 {[%clk 0:21:15]} 49. Rxe5 {[%clk 0:06:47]} h4+ {[%clk 0:21:19]}
50. Kh2 {[%clk 0:05:54]} g4 {[%clk 0:21:21]} 51. Rg5 {[%clk 0:05:10]} Rc7
{[%clk 0:19:22]} 52. Bd1 {[%clk 0:05:02]} g3+ {[%clk 0:19:44]} 53. Kh3 {[%clk
0:05:09]} Rc1 {[%clk 0:18:28]} 54. Bf3 {[%clk 0:05:08]} Rc3 {[%clk 0:18:02]}
55. Bg2 {[%clk 0:04:21]} Rxa3 {[%clk 0:17:30]} 56. Kxh4 {[%clk 0:04:05]} Rb3
{[%clk 0:17:17]} 57. e5 {[%clk 0:04:19]} Rxb4+ {[%clk 0:17:34]} 58. Kxg3 {[%clk
0:04:45]} Kc5 {[%clk 0:17:15]} 59. Rg7 {[%clk 0:03:36]} Rb1 {[%clk 0:15:11]}
60. Rxb7 {[%clk 0:03:01]} Re1 {[%clk 0:15:20]} 61. Kf4 {[%clk 0:03:15]} a5
{[%clk 0:14:00]} 62. Be4 {[%clk 0:02:47]} Rf1+ {[%clk 0:13:11]} 63. Bf3 {[%clk
0:03:07]} Re1 {[%clk 0:12:13]} 64. Rc7+ {[%clk 0:03:19]} Kd4 {[%clk 0:11:54]}
65. Ra7 {[%clk 0:03:26]} 1-0

[Event "Deutsche Ländermeisterschaft 2021"]
[Site "Neumünster GER"]
[Date "2021.10.04"]
[Round "4"]
[White "Malinowsky, Levi"]
[Black "Aniol, Nico"]
[Result "1/2-1/2"]
[Termination "normal"]
[Board "6.6"]
[WhiteElo "1775"]
[BlackElo "1464"]
[WhiteClock "00:29:44"]
[BlackClock "00:59:39"]
[WhiteTeam "Schleswig-Holstein"]
[BlackTeam "Thüringen"]
[PlyCount "56"]
[WhiteFideId "16253094"]
[BlackFideId "16287096"]
[EventCountry "GER"]
[EventRounds "7"]
[EventType "team-swiss"]
[EventDate "2021.10.01"]

1. e4 {[%clk 1:30:55]} c5 {[%clk 1:30:38]} 2. d3 {[%clk 1:30:57]} Nc6 {[%clk
1:30:33]} 3. f4 {[%clk 1:30:57]} g6 {[%clk 1:30:15]} 4. Be2 {[%clk 1:30:31]}
Bg7 {[%clk 1:29:46]} 5. c3 {[%clk 1:29:51]} d6 {[%clk 1:28:02]} 6. Nf3 {[%clk
1:29:00]} Nf6 {[%clk 1:24:42]} 7. O-O {[%clk 1:28:06]} O-O {[%clk 1:24:13]} 8.
Kh1 {[%clk 1:26:06]} e5 {[%clk 1:22:28]} 9. fxe5 {[%clk 1:23:48]} dxe5 {[%clk
1:21:41]} 10. Bg5 {[%clk 1:16:22]} b6 {[%clk 1:18:32]} 11. Na3 {[%clk 1:10:06]}
h6 {[%clk 1:15:20]} 12. Bh4 {[%clk 1:08:28]} g5 {[%clk 1:14:36]} 13. Bg3 {[%clk
1:03:19]} Nh5 {[%clk 1:14:45]} 14. Bxe5 {[%clk 0:59:44]} Bxe5 {[%clk 1:15:02]}
15. Nxe5 Nxe5 {[%clk 1:15:21]} 16. Bxh5 {[%clk 0:59:33]} Qxd3 {[%clk 1:15:28]}
17. Qe1 {[%clk 0:50:16]} Bb7 {[%clk 1:12:21]} 18. Bf3 {[%clk 0:43:23]} Nxf3
{[%clk 1:07:13]} 19. gxf3 {[%clk 0:42:30]} Ba6 {[%clk 1:07:19]} 20. Qf2 {[%clk
0:39:35]} Rad8 {[%clk 1:06:40]} 21. Qg2 {[%clk 0:37:32]} Qd2 {[%clk 1:04:39]}
22. Rf2 {[%clk 0:32:01]} Qd1+ {[%clk 1:03:07]} 23. Rxd1 {[%clk 0:31:36]} Rxd1+
{[%clk 1:03:24]} 24. Qg1 {[%clk 0:31:52]} Rfd8 {[%clk 1:02:31]} 25. c4 {[%clk
0:31:08]} Rxg1+ {[%clk 1:02:52]} 26. Kxg1 {[%clk 0:31:31]} Kg7 {[%clk 1:01:00]}
27. Rc2 {[%clk 0:29:55]} Kf6 {[%clk 1:00:49]} 28. Kf2 {[%clk 0:29:44]} Ke5
{[%clk 0:59:39]} 1/2-1/2

[Event "Deutsche Ländermeisterschaft 2021"]
[Site "Neumünster GER"]
[Date "2021.10.04"]
[Round "4"]
[White "Eichhorn, Mathilda"]
[Black "Bräutigam, Katerina"]
[Result "0-1"]
[Termination "normal"]
[Board "6.7"]
[WhiteElo "1329"]
[BlackElo "1734"]
[WhiteTeam "Thüringen"]
[BlackTeam "Schleswig-Holstein"]
[PlyCount "66"]
[WhiteFideId "16242289"]
[BlackFideId "16242980"]
[EventCountry "GER"]
[EventRounds "7"]
[EventType "team-swiss"]
[EventDate "2021.10.01"]

1. e4 e5 2. Nf3 Nc6 3. Bc4 Bc5 4. c3 Nf6 5. d4 exd4 6. cxd4 Bb4+ 7. Bd2 Bxd2+
8. Nbxd2 d5 9. exd5 Nxd5 10. Qb3 Nce7 11. O-O O-O 12. Rfe1 c6 13. Ne4 h6 14.
Rac1 Nb6 15. Bd3 Bg4 16. Ned2 Ned5 17. h3 Bxf3 18. Nxf3 Nf4 19. Bb1 Qf6 20.
Rcd1 Rfd8 21. Qc2 g6 22. a3 Nxh3+ 23. Kh2 Ng5 24. Nxg5 Qxg5 25. Kg1 Rd7 26. Ba2
Rad8 27. Re4 Qf6 28. Qc3 Nd5 29. Qc4 Nc7 30. Qc3 Nb5 31. Qa5 Nxd4 32. Qe1 Nf3+
33. gxf3 Rxd1 0-1

[Event "Deutsche Ländermeisterschaft 2021"]
[Site "Neumünster GER"]
[Date "2021.10.04"]
[Round "4"]
[White "Sickmann, Lisa"]
[Black "Blaufuß, Lena"]
[Result "1-0"]
[Termination "normal"]
[Board "6.8"]
[WhiteElo "1531"]
[BlackElo "1182"]
[WhiteTeam "Schleswig-Holstein"]
[BlackTeam "Thüringen"]
[PlyCount "75"]
[WhiteFideId "16267818"]
[BlackFideId "34610642"]
[EventCountry "GER"]
[EventRounds "7"]
[EventType "team-swiss"]
[EventDate "2021.10.01"]

1. e4 e5 2. Nf3 Nc6 3. Bb5 a6 4. Ba4 Nge7 5. O-O g6 6. c3 Bg7 7. d3 O-O 8. Re1
Re8 9. Nbd2 d6 10. Nf1 b5 11. Bb3 Na5 12. Bc2 Be6 13. b4 Nac6 14. a4 bxa4 15.
Bxa4 a5 16. b5 Nb8 17. Be3 Rf8 18. d4 Qc8 19. Bb3 Kh8 20. Ng5 Bf6 21. Nxe6 fxe6
22. Qg4 d5 23. Bh6 Rg8 24. exd5 exd5 25. Qxc8 Rxc8 26. dxe5 Bg7 27. Bg5 Re8 28.
Bxe7 Rxe7 29. Bxd5 Ra7 30. f4 h5 31. Ra2 a4 32. Rea1 Ra5 33. c4 Re8 34. Rxa4
Rxa4 35. Rxa4 Rf8 36. Ra8 Nd7 37. Rxf8+ Nxf8 38. Ne3 1-0

[Event "Deutsche Ländermeisterschaft 2021"]
[Site "Neumünster GER"]
[Date "2021.10.04"]
[Round "4"]
[White "Degenhard, Simon"]
[Black "Fromm, Marius"]
[Result "1/2-1/2"]
[Termination "normal"]
[Board "7.1"]
[WhiteTitle "FM"]
[BlackTitle "FM"]
[WhiteElo "2220"]
[BlackElo "2342"]
[WhiteClock "00:16:37"]
[BlackClock "00:13:58"]
[WhiteTeam "Württemberg"]
[BlackTeam "Mecklenburg-Vorpommern"]
[PlyCount "100"]
[WhiteFideId "12944017"]
[BlackFideId "12993190"]
[EventCountry "GER"]
[EventRounds "7"]
[EventType "team-swiss"]
[EventDate "2021.10.01"]

1. e4 {[%clk 1:30:57]} c5 {[%clk 1:30:56]} 2. Nf3 {[%clk 1:31:19]} d6 {[%clk
1:31:23]} 3. d4 {[%clk 1:31:40]} cxd4 {[%clk 1:31:49]} 4. Nxd4 {[%clk 1:32:04]}
Nf6 {[%clk 1:32:15]} 5. Nc3 {[%clk 1:32:25]} a6 {[%clk 1:32:43]} 6. Be3 {[%clk
1:32:46]} e5 {[%clk 1:33:08]} 7. Nb3 {[%clk 1:33:05]} Be6 {[%clk 1:33:33]} 8.
f3 {[%clk 1:33:16]} h5 {[%clk 1:33:53]} 9. Qd2 {[%clk 1:33:27]} Nbd7 {[%clk
1:34:18]} 10. a4 {[%clk 1:33:47]} Rc8 {[%clk 1:28:49]} 11. Be2 {[%clk 1:33:13]}
Nb6 {[%clk 1:28:02]} 12. a5 {[%clk 1:12:12]} Nc4 {[%clk 1:28:29]} 13. Bxc4
{[%clk 1:12:31]} Rxc4 {[%clk 1:28:57]} 14. Nd5 {[%clk 1:07:44]} Nxd5 {[%clk
1:24:22]} 15. exd5 {[%clk 1:07:58]} Bf5 {[%clk 1:16:05]} 16. c3 {[%clk
1:08:15]} Qd7 {[%clk 1:09:41]} 17. O-O {[%clk 1:07:33]} Be7 {[%clk 1:07:40]}
18. Nc1 {[%clk 1:05:42]} O-O {[%clk 1:02:54]} 19. b3 {[%clk 1:04:25]} Rcc8
{[%clk 1:02:26]} 20. c4 {[%clk 1:01:59]} Bh7 {[%clk 0:54:43]} 21. Ne2 {[%clk
1:00:00]} Qf5 {[%clk 0:51:06]} 22. Rfc1 {[%clk 0:55:01]} h4 {[%clk 0:40:01]}
23. h3 {[%clk 0:48:57]} Qd3 {[%clk 0:32:09]} 24. Qxd3 {[%clk 0:41:22]} Bxd3
{[%clk 0:32:35]} 25. Nc3 {[%clk 0:39:40]} f5 {[%clk 0:29:25]} 26. Ra2 {[%clk
0:35:30]} e4 {[%clk 0:23:10]} 27. f4 {[%clk 0:32:15]} g5 {[%clk 0:22:39]} 28.
Nd1 {[%clk 0:27:15]} g4 {[%clk 0:12:04]} 29. Nf2 {[%clk 0:16:28]} gxh3 {[%clk
0:10:40]} 30. Nxd3 {[%clk 0:13:38]} exd3 {[%clk 0:11:09]} 31. gxh3 {[%clk
0:14:01]} Kf7 {[%clk 0:11:18]} 32. Rg2 {[%clk 0:12:37]} Rg8 {[%clk 0:09:46]}
33. Bf2 {[%clk 0:12:00]} Bf6 {[%clk 0:06:54]} 34. Rd1 {[%clk 0:11:59]} Bc3
{[%clk 0:06:48]} 35. Rxd3 {[%clk 0:11:43]} Bxa5 {[%clk 0:06:52]} 36. Bxh4
{[%clk 0:11:43]} b5 {[%clk 0:06:24]} 37. cxb5 {[%clk 0:11:21]} axb5 {[%clk
0:06:54]} 38. Rxg8 {[%clk 0:10:30]} Rxg8+ {[%clk 0:07:21]} 39. Kf1 {[%clk
0:09:32]} Re8 {[%clk 0:06:04]} 40. Bf2 {[%clk 0:05:30]} Re4 {[%clk 0:03:35]}
41. Be3 {[%clk 0:05:38]} Bd8 {[%clk 0:02:32]} 42. Kg2 {[%clk 0:05:22]} Bf6
{[%clk 0:30:00]} 43. Kf3 {[%clk 0:35:14]} Kg6 {[%clk 0:27:29]} 44. Bc1 {[%clk
0:29:14]} Kf7 {[%clk 0:25:37]} 45. Ba3 {[%clk 0:28:20]} Be7 {[%clk 0:20:13]}
46. Bb2 {[%clk 0:27:16]} Bf6 {[%clk 0:20:13]} 47. Ba3 {[%clk 0:17:55]} Be7
{[%clk 0:20:36]} 48. Rd2 {[%clk 0:17:55]} Re1 {[%clk 0:15:39]} 49. Bb2 {[%clk
0:16:41]} Rh1 {[%clk 0:13:48]} 50. Kg2 {[%clk 0:16:37]} Rb1 {[%clk 0:13:58]}
1/2-1/2

[Event "Deutsche Ländermeisterschaft 2021"]
[Site "Neumünster GER"]
[Date "2021.10.04"]
[Round "4"]
[White "Großmann, Piet"]
[Black "Geltz, Noah"]
[Result "1/2-1/2"]
[Termination "normal"]
[Board "7.2"]
[WhiteElo "1953"]
[BlackElo "2088"]
[WhiteClock "00:29:59"]
[BlackClock "00:04:41"]
[WhiteTeam "Mecklenburg-Vorpommern"]
[BlackTeam "Württemberg"]
[PlyCount "81"]
[WhiteFideId "16234359"]
[BlackFideId "16224256"]
[EventCountry "GER"]
[EventRounds "7"]
[EventType "team-swiss"]
[EventDate "2021.10.01"]

1. e4 {[%clk 1:30:56]} c5 {[%clk 1:30:53]} 2. Nf3 {[%clk 1:31:20]} d6 {[%clk
1:31:14]} 3. d4 {[%clk 1:31:21]} cxd4 {[%clk 1:31:33]} 4. Nxd4 {[%clk 1:31:47]}
Nf6 {[%clk 1:31:38]} 5. Nc3 {[%clk 1:32:11]} g6 {[%clk 1:31:56]} 6. Be3 {[%clk
1:32:26]} Bg7 {[%clk 1:32:07]} 7. f3 {[%clk 1:32:49]} O-O {[%clk 1:31:50]} 8.
Bc4 {[%clk 1:27:32]} Nc6 {[%clk 1:30:11]} 9. Qd2 {[%clk 1:27:33]} Nxd4 {[%clk
1:26:00]} 10. Bxd4 {[%clk 1:27:48]} Be6 {[%clk 1:26:13]} 11. Bb3 {[%clk
1:26:19]} Qa5 {[%clk 1:23:50]} 12. O-O {[%clk 1:21:08]} Rfc8 {[%clk 1:19:39]}
13. Rad1 {[%clk 1:19:31]} Nd7 {[%clk 1:15:39]} 14. Bxg7 {[%clk 1:18:05]} Kxg7
{[%clk 1:15:18]} 15. Kh1 {[%clk 1:10:32]} Nf6 {[%clk 1:04:00]} 16. f4 {[%clk
0:50:13]} Bxb3 {[%clk 0:51:15]} 17. axb3 {[%clk 0:50:07]} Qb4 {[%clk 0:50:32]}
18. Qe2 {[%clk 0:46:45]} Rxc3 {[%clk 0:34:03]} 19. bxc3 {[%clk 0:46:56]} Qxe4
{[%clk 0:34:25]} 20. Qd2 {[%clk 0:34:02]} Qf5 {[%clk 0:28:02]} 21. Rfe1 {[%clk
0:28:45]} Re8 {[%clk 0:24:11]} 22. c4 {[%clk 0:25:10]} h5 {[%clk 0:22:39]} 23.
Rf1 {[%clk 0:14:13]} h4 {[%clk 0:18:25]} 24. Qd3 {[%clk 0:12:03]} Qg4 {[%clk
0:11:44]} 25. Qf3 {[%clk 0:08:11]} Qf5 {[%clk 0:12:08]} 26. c3 {[%clk 0:06:54]}
Qc2 {[%clk 0:11:58]} 27. b4 {[%clk 0:05:10]} Rc8 {[%clk 0:10:49]} 28. c5 {[%clk
0:02:18]} dxc5 {[%clk 0:10:18]} 29. Qxb7 {[%clk 0:02:12]} h3 {[%clk 0:10:38]}
30. Rc1 {[%clk 0:01:11]} hxg2+ {[%clk 0:10:00]} 31. Qxg2 {[%clk 0:01:36]} Qb3
{[%clk 0:10:09]} 32. f5 {[%clk 0:00:51]} cxb4 {[%clk 0:08:55]} 33. cxb4 {[%clk
0:01:17]} Rxc1 {[%clk 0:06:42]} 34. Rxc1 {[%clk 0:01:43]} Qxb4 {[%clk 0:05:11]}
35. fxg6 {[%clk 0:02:07]} fxg6 {[%clk 0:03:57]} 36. Rg1 {[%clk 0:02:09]} Qe4
{[%clk 0:03:26]} 37. Qxe4 {[%clk 0:02:31]} Nxe4 {[%clk 0:03:51]} 38. Re1 {[%clk
0:02:03]} Nd6 {[%clk 0:04:01]} 39. Rxe7+ {[%clk 0:02:24]} Kf6 {[%clk 0:04:24]}
40. Rxa7 {[%clk 0:02:49]} Nf5 {[%clk 0:04:41]} 41. Kg2 {[%clk 0:29:59]} 1/2-1/2

[Event "Deutsche Ländermeisterschaft 2021"]
[Site "Neumünster GER"]
[Date "2021.10.04"]
[Round "4"]
[White "Ensslinger, Colin"]
[Black "Tovmasyan, Minas"]
[Result "1/2-1/2"]
[Termination "normal"]
[Board "7.3"]
[WhiteElo "1708"]
[BlackElo "1820"]
[WhiteTeam "Württemberg"]
[BlackTeam "Mecklenburg-Vorpommern"]
[PlyCount "103"]
[WhiteFideId "16226011"]
[BlackFideId "16247620"]
[EventCountry "GER"]
[EventRounds "7"]
[EventType "team-swiss"]
[EventDate "2021.10.01"]

1. e4 c5 2. Nf3 e6 3. d4 cxd4 4. Nxd4 a6 5. Nc3 Qc7 6. Be2 Nf6 7. O-O d6 8. f4
Be7 9. Be3 Nc6 10. Nb3 b5 11. Bf3 Bb7 12. a3 O-O 13. g4 Nd7 14. Kh1 h6 15. Qe1
Nb6 16. Nd5 Nxd5 17. exd5 exd5 18. Qd2 Bf6 19. c3 Rfe8 20. Rae1 Rac8 21. g5
hxg5 22. fxg5 Be5 23. g6 Rf8 24. gxf7+ Rxf7 25. Bxd5 Ne7 26. Rxf7 Bxd5+ 27.
Qxd5 Nxd5 28. Rxc7 Rxc7 29. Bd4 Bf4 30. Nc1 Re7 31. Rxe7 Nxe7 32. Nd3 Bd2 33.
Kg2 Nc6 34. Kf3 Nxd4+ 35. cxd4 Kf7 36. Ke4 Ke6 37. d5+ Kf6 38. b3 Kg5 39. Nf2
Kf6 40. Nh3 g5 41. Nf2 Bc1 42. a4 Bd2 43. axb5 axb5 44. Nd3 Kg6 45. Nf2 Kf6 46.
Ng4+ Kg6 47. h3 Bf4 48. Nf2 Bd2 49. Ng4 Bc1 50. Nh2 Bd2 51. Nf3 Bc3 52. Nh2
1/2-1/2

[Event "Deutsche Ländermeisterschaft 2021"]
[Site "Neumünster GER"]
[Date "2021.10.04"]
[Round "4"]
[White "Schott, Andy"]
[Black "Schwartz, Oliver"]
[Result "1-0"]
[Termination "normal"]
[Board "7.4"]
[WhiteElo "1504"]
[BlackElo "1761"]
[WhiteTeam "Mecklenburg-Vorpommern"]
[BlackTeam "Württemberg"]
[PlyCount "58"]
[WhiteFideId "16244940"]
[BlackFideId "16207459"]
[EventCountry "GER"]
[EventRounds "7"]
[EventType "team-swiss"]
[EventDate "2021.10.01"]

1. c4 e5 2. g3 c6 3. Nf3 e4 4. Nd4 d5 5. Nc3 Qb6 6. e3 Nf6 7. cxd5 cxd5 8. Bg2
Nc6 9. Nxc6 bxc6 10. d3 Bf5 11. dxe4 Nxe4 12. Nxe4 Bxe4 13. Bxe4 Qb4+ 14. Bd2
Qxe4 15. O-O Bd6 16. Rc1 Kd7 17. f3 Qg6 18. Qa4 Bc7 19. e4 Bb6+ 20. Kg2 Rhe8
21. exd5 Re2+ 22. Kh1 Rxd2 23. Rxc6 Rd4 24. Rc4+ Kd8 25. Rxd4 Bxd4 26. Qxd4 Qa6
27. Re1 Rc8 28. Qe5 Rc2 29. d6 Kd7 1-0